| 000 | 00390cam a22001217a 4500 | ||
|---|---|---|---|
| 008 | 180718b1989 xxu||||| |||| 00| 0 eng d | ||
| 082 | _aAPPPA 88-89 KAR | ||
| 100 | _aKarthikeyan, P. | ||
| 245 |
_aWastelands developments since 1985: a review _cby P. Karthikeyan |
||
| 260 |
_aNew Delhi _bIndian Institute of Public Administration _c1989 |
||
| 300 | _a166p. | ||
| 650 | _aWastelands developments | ||
| 999 |
_c501522 _d501522 |
||